|
|
|
|
| LEADER |
00000naa2a2200000 4500 |
| 001 |
393226 |
| 005 |
20231101064354.0 |
| 035 |
|
|
|a (RuTPU)RU\TPU\prd\29165
|
| 090 |
|
|
|a 393226
|
| 100 |
|
|
|a 20041026a2004 k y0rusy50 ca
|
| 101 |
0 |
|
|a rus
|
| 102 |
|
|
|a RU
|
| 200 |
1 |
|
|a Прогноз содержания бенз(а)пирена в водоисточнике
|f Е. В. Шемагонова, Л. И. Кантор, Е. А. Кантор
|
| 225 |
1 |
|
|a Экологическая безопасность
|
| 320 |
|
|
|a Библиогр.: 7 назв.
|
| 461 |
|
1 |
|0 (RuTPU)RU\TPU\prd\1137
|t Безопасность жизнедеятельности
|o научно-практический и учебно-методический журнал
|d 2001-
|
| 463 |
|
1 |
|0 (RuTPU)RU\TPU\prd\26737
|t № 5
|v С. 40-42
|d 2004
|
| 610 |
1 |
|
|a бенз(а)пирен
|
| 610 |
1 |
|
|a водоисточники
|
| 610 |
1 |
|
|a прогнозы
|
| 610 |
1 |
|
|a содержание
|
| 610 |
1 |
|
|a загрязнители
|
| 610 |
1 |
|
|a реки
|
| 675 |
|
|
|a 628.19
|v 3
|
| 700 |
|
1 |
|a Шемагонова
|b Е. В.
|
| 701 |
|
1 |
|a Кантор
|b Л. И.
|
| 701 |
|
1 |
|a Кантор
|b Е. А.
|
| 801 |
|
1 |
|a RU
|b 63413507
|c 20041026
|g PSBO
|
| 801 |
|
2 |
|a RU
|b 63413507
|c 20140222
|g RCR
|
| 942 |
|
|
|c BK
|